| 000 | 00909nam a2200205 a 4500 | ||
|---|---|---|---|
| 001 | 000044389 | ||
| 005 | 20201002045335.0 | ||
| 008 | 140626s2010 dr a 000 j spa d | ||
| 020 | _a9789945863314 | ||
| 040 |
_aDO-SdBNP _bspa _cBNPH |
||
| 082 |
_a891.73 _bT588C |
||
| 100 | 1 |
_aTolstói, León, _d1928-1910 _972393 |
|
| 245 | 1 | 0 |
_aCuentos para niños / _cLeón Tolstói ; editado Salomé Frías ; diagramación Emilio Pérez. |
| 260 |
_aSanto Domingo : _bkarabú, _c2010. |
||
| 300 |
_a39 p. : _bil. ; _c27 cm. |
||
| 505 | 0 |
_tEl gatito -- _tLa niña y las setas -- _tEl hueso de la ciruela -- _tEl pajarito -- _tEl embustero -- _tDos camaradas -- _tLos cisnes -- _tEl elefante -- _tEl gorrión y la golondrina -- _tEl águila -- _tEl tiburón -- _tEl salto -- _tEl león y el perrito -- |
|
| 650 | 4 |
_aCuentos infantiles rusos _972394 |
|
| 650 | 4 |
_aLiteratura infantil rusa _972395 |
|
| 700 | 1 | 2 |
_aFrías, Salomé _eed. _916020 |
| 999 |
_c43878 _d43878 |
||